000 00675nam a2200193 i 4500
001 42983
003 ES-MaACL
005 20251105063129.0
007 t|
008 180704s1885 it ||||1| ita d
100 1 _aCantù, Cesare,
_d1804-1895
_934697
245 1 0 _aStoria della letteratura latina /
_ccompilata da Cesare Cantu.
250 _a5ª impressione.
260 _aFirenze :
_bLe Monnier,
_c1885.
300 _aVIII, 568 p. ;
_c18 cm.
650 0 4 _aLiteratura latina-
_xHistoria y crítica.
_914633
852 _aES-MaACL
_jL-32173
_q.- Faltan páginas: 497-568
_z.- Donat. herederos de la bibl. de Mª del Pilar Costa Palacín
999 _c42983
_d42983